000 00328nam a2200109Ia 4500
008 220216s9999 xx 000 0 und d
100 _aVerhaar G
245 0 _aHevea latex: Its structure and viscosity
260 _bProceedings of the 3rd Rubber Technology Conference, London, 1954; p77-86
650 _aHevea latex
942 _cJS
999 _c60331
_d60331